Countries that have not yet been colonized - sudden death - Statistics

General Stats
  • This quiz has been taken 18 times
  • The average score is 4 of 14
Answers on the Grid
Answers color-coded by a green-red scale on the quiz's grid according to % correct below.
United States of America
Ethiopia
South Korea
Mexico
Japan
Bhutan
Australia
Russia
Thailand
China
Yemen
Nepal
Austria
Somalia
Panama
Iran
Liberia
Brazil
Tonga
Mongolia
Afghanistan
Slovenia
Canada
United Kingdom
Saudi Arabia
Rwanda
Hungary
Finland
Germany
Uruguay
 
Answer Stats
Answer % Correct
Japan
73%
Ethiopia
60%
Thailand
47%
Bhutan
33%
South Korea
27%
Afghanistan
20%
China
20%
Nepal
20%
Iran
13%
Liberia
13%
Mongolia
13%
Saudi Arabia
13%
Tonga
7%
Hungary
0%
No matching quizzes found
Score Distribution
Percent of People with Each Score
Percentile by Number Answered
Your Score History
You have not taken this quiz